|
|
|
|
| LEADER |
01255nam a22003012a 4500 |
| 001 |
000700201 |
| 003 |
CZ BrMZK |
| 005 |
20260202074228.0 |
| 007 |
ta |
| 008 |
031215s1980 xr a f 001 0 cze d |
| 015 |
|
|
|a cnb000146180
|
| 040 |
|
|
|a BOA001
|b cze
|c BOA001
|
| 080 |
|
|
|a 633.88:084
|2 MRF
|
| 100 |
1 |
|
|a Příhoda, Antonín,
|d 1919-2001
|7 jk01101558
|4 aut
|
| 245 |
1 |
0 |
|a Léčivé rostliny /
|c Antonín Příhoda ; ilustrovali Věra Ničová-Urbanová, Ladislav Urban
|
| 250 |
|
|
|a 2., dopl. vyd.
|
| 260 |
|
|
|a Praha :
|b Státní zemědělské nakladatelství,
|c 1980
|
| 300 |
|
|
|a 288 s. :
|b il. (převážně barev.) ;
|c 19 cm
|
| 490 |
1 |
|
|a Rostlinná výroba
|
| 504 |
|
|
|a Obsahuje bibliografii a rejstříky
|
| 500 |
|
|
|a Dostupné též v digitální podobě v aplikaci Kramerius
|
| 700 |
1 |
|
|a Ničová, Věra
|7 mzk2008442858
|4 ill
|
| 700 |
1 |
|
|a Urban, Ladislav,
|d 1906-1987
|7 jk01140816
|4 ill
|
| 830 |
|
0 |
|a Rostlinná výroba (Státní zemědělské nakladatelství)
|0 s
|
| 856 |
4 |
1 |
|u http://www.digitalniknihovna.cz/mzk/uuid/uuid:ecf66778-072d-11f1-ab3b-a2d6f0f6843d
|y Digitalizovaný dokument
|x NDK
|
| 910 |
|
|
|a BOA001
|b 1-0702.038-80
|
| 990 |
|
|
|a BK
|
| 996 |
6 |
|
|b 2618754655
|c 1-0702.038-80
|l MZK
|r Sklad / do 1 hodiny
|n 0
|w 000700201
|u 000010
|a 1
|e BOA001
|j MZK50
|s P
|